言語から語族当て - Statistics

General Stats
  • This quiz has been taken 43 times
    28 since last reset
  • The average score is 19 of 31
Answer Stats
Hint Extra Hint Answer % Correct
チベット語 シナ・チベット諸語
92%
イタリア語 イタリック語派(インド・ヨーロッパ語族)
92%
スペイン語 イタリック語派(インド・ヨーロッパ語族)
88%
ドイツ語 ゲルマン語派(インド・ヨーロッパ語族)
88%
英語 ゲルマン語派(インド・ヨーロッパ語族)
80%
ペルシャ語 インド・イラン語派(インド・ヨーロッパ語族)
80%
ポルトガル語 イタリック語派(インド・ヨーロッパ語族)
80%
フランス語 イタリック語派(インド・ヨーロッパ語族)
76%
ヒンディー語 インド・イラン語派(インド・ヨーロッパ語族)
76%
ロシア語 スラブ語派(インド・ヨーロッパ語族)
72%
日本語 その他
72%
ベンガル語 インド・イラン語派(インド・ヨーロッパ語族)
72%
ルーマニア語 イタリック語派(インド・ヨーロッパ語族)
72%
中国語 声調言語である シナ・チベット諸語
68%
ポーランド語 スラブ語派(インド・ヨーロッパ語族)
68%
朝鮮語 その他
60%
インドネシア語 インドネシアは旧宗主国のオランダ語は使わない オーストロネシア語族
56%
アラビア語 中東で主に話される、右から読む アフロ・アジア語族
56%
スワヒリ語 ニジェール・コルドファン語族
56%
フィンランド語 ウラル語族
52%
ビルマ語 シナ・チベット諸語
48%
マレー語 オーストロネシア語族
48%
ヨルバ語 ニジェール・コルドファン語族
48%
ウルドゥー語 インド・イラン語派(インド・ヨーロッパ語族)
48%
ハンガリー語 ウラル語族
44%
タガログ語 オーストロネシア語族
36%
ヘブライ語 イスラエルの公用語 アフロ・アジア語族
36%
モンゴル語 アルタイ諸語
36%
エストニア語 ウラル語族
32%
アルバニア語 その他(インド・ヨーロッパ語族)
28%
トルコ語 アルタイ諸語
24%
No matching quizzes found
Score Distribution
Percent of People with Each Score
Percentile by Number Answered
Your Score History
You have not taken this quiz since the last reset